LEADER 00916nam0-2200301---450- 001 990009425960403321 005 20110916115318.0 035 $a000942596 035 $aFED01000942596 035 $a(Aleph)000942596FED01 035 $a000942596 100 $a20110916d1870----km-y0itay50------ba 101 0 $afre 102 $aFR 105 $aa-------001yy 200 1 $aAnatomie des animaux domestiques$fpar Frederic A. Leyh$gtraduite de l'allemand sur la 2. ed. par Auguste Zundel$gavec additions et notes par Saint-Yves Menard 210 $aParis$cAsselin$d1870 215 $axvi, 291 p.$cill.$d23 cm 610 0 $aAnatomia animale 676 $a591.4 700 1$aLeyh,$bFriedrich A.$0512609 801 0$aIT$bUNINA$gRICA$2UNIMARC 901 $aBK 912 $a990009425960403321 952 $aIIIc C 82$b1488$fDMVSF 959 $aDMVSF 996 $aAnatomie des animaux domestiques$9760019 997 $aUNINA LEADER 02887nam0 2200589 i 450 001 VIA0469551 005 20251003044441.0 010 $a9788806250263 100 $a20220825d2021 ||||0itac50 ba 101 | $aita$cita 102 $ait 105 $a|||| |||c| 181 1$6z01$ai $bxxxe 182 1$6z01$an 183 1$6z01$anc$2RDAcarrier 200 1 $aGiù in mezzo agli uomini$evita e morte di Guido Rossa$fSergio Luzzatto 210 $aTorino$cEinaudi$d2021 215 $a237 p.$cill.$d20 cm 225 | $aˆGli ‰struzzi$i. Nuova serie$v3 410 0$1001BMT0026194$12001 $aˆGli ‰struzzi$i. Nuova serie$v3 500 10$aGiù in mezzo agli uomini.$3VIA0469552$9RAVV021720$92833362 606 $aRossa, Guido$xBiografie$2FIR$3PALC154435$9N 676 $a303.6250945$9DISORDINI CIVILI E VIOLENZA. TERRORISMO. ITALIA.$v20 676 $a305.933188$9GRUPPI PROFESSIONALI. Persone operanti nei sindacati$v23 676 $a322.42092$9GRUPPI RIVOLUZIONARI E SOVVERSIVI. BIOGRAFIE$v20 676 $a322.42092$9RELAZIONI DELLO STATO CON I GRUPPI RIVOLUZIONARI E SOVVERSIVI. Persone$v21 676 $a331.88092$9SINDACATI. Persone.$v22 676 $a331.88092$9SINDACATI. Persone$v23 676 $a364.1523092$9OMICIDIO PREMEDITATO$v20 676 $a920.71$9BIOGRAFIE DI UOMINI$v12 676 $a920.71$9BIOGRAFIE DI UOMINI$v21 676 $a945.0927$9Storia Italia. Periodo della repubblica. 1970-1979$v14 676 $a945.182092$9STORIA DI GENOVA. BIOGRAFIE$v20 686 $aIT/3438.5$cOPERAI ITALIA 1945-1968$2R 686 $aIT/442.5/PCI$cPARTITI E MOVIMENTI POLITICI PARTITO COMUNISTA ITALIANO ITALIA 1968-1989$2R 686 $aIT/4423.5$cEVERSIONE SOVVERSIONE ARMATA TERRORISMO ITALIA 1968-1989$2R 686 $aIT/4436.0$cLAVORO SINDACATI DEI LAVORATORI ITALIA 1968-1989$2R 686 $aIT/4438.5$cOPERAI ITALIA 1968-1989$2R 686 $aX0.1$cBIOGRAFIE GENERALI$2R 696 $aBiografia 699 $aBiografie$zBiografia 700 1$aLuzzatto$b, Sergio$3RAVV021720$4070$0151703 801 3$aIT$bIT-000000$c20220825 850 $aIT-BN0095 $aIT-SA0002 $aIT-NA0079 $aIT-NA0230 $aIT-NA0695 901 $bNAP PG$cBIBLIOTECA$n$ 901 $bNAP AE$cCOLL. $n$ 901 $bNAP 01$cBCA $nComprende monografie e periodici di diritto, testi di ingegneria, di scienze e tecnologia di nuova acquisizione. 912 $aVIA0469551 950 0$aBiblioteca Centralizzata di Ateneo$c1 v. in due copie$d 01BCA LETT. 22$e 01 0000080325 VMA 1 v.$fY $h20220505$i20220505$c1 v. in due copie$d 01BCA LETT. 22$e 01 0000080335 VMA (bis 1 v. (2. copia)$fY $h20220505$i20220505 977 $a 01$a AE$a BN$a IR$a PG 996 $aGiù in mezzo agli uomini$92833362 997 $aUNISANNIO